00973nam a22002657a 4500999001500000001000600015003000900021005001700030008004100047020001800088020001800106040003700124082002100161100001700182245008100199250001200280260004800292300004100340650006000381650006200441650004300503700001600546942001200562952013300574 c3955d395519311BD-DhUAP20200315162828.0200315s2012 xxu f 000 0 eng d a9780194769556 a9780194769556 aKLG001 bEngdBD-DhUAPcBD-DhUAP00223a428.076 SOA 1 aSoars, John.10aNew Headway :bpre-intermediate student's book / cJohn Soars and Liz Soars. a4th ed. aOxford :bOxford University Press, cc2012. a159 pages :billustrations ;c28 cm. 0aEnglish language xSpoken English xStudy and teaching. 0aEnglish language xSound recordings for foreign speakers. 0aEnglish language xStudy and teaching.1 aSoars, Liz. 2ddccBK 00102ddc4070aUAPCLbUAPCLcGeneral Stacksd2020-03-15l2o428.076 SOAp3010019311r2024-03-05s2023-09-13t1w2020-03-15yBK